Grammaire des arts du dessin (Record no. 152170)

MARC details
000 -LEADER
campo de control de longitud fija 00943nam a22002175i 4500
001 - NÚMERO DE CONTROL
campo de control 152170
003 - IDENTIFICADOR DE NÚMERO DE CONTROL
campo de control ES-MaACL
005 - FECHA Y HORA DE LA ÚLTIMA TRANSACCIÓN
campo de control 20250815145807.0
008 - DATOS DE LONGITUD FIJA--INFORMACIÓN GENERAL
campo de control de longitud fija 011112s1880 fr a |||| | fre d
040 ## - FUENTE DE CATALOGACIÓN
Centro catalogador/agencia de origen AS
Lengua de catalogación spa
Centro/agencia transcriptor AS
080 ## - NÚMERO DE LA CLASIFICACIÓN DECIMAL UNIVERSAL
Número de la Clasificación Decimal Universal 7.01
100 1# - ENTRADA PRINCIPAL--NOMBRE DE PERSONA
Nombre de persona Blanc, Charles.
9 (RLIN) 29108
245 10 - MENCIÓN DEL TÍTULO
Título Grammaire des arts du dessin
Resto del título : architecture, sculpture, peinture : jardins, gravure en pierres fines, gravure en médailles, gravure en taille-douce, eau-forte, manière noire, aqua-tinte, gravure en bois, camaïeu, gravure en couleurs, lithographie /
Mención de responsabilidad, etc. par Charles Blanc.
250 ## - MENCION DE EDICION
Mención de edición Nouvelle éd.
260 ## - PUBLICACIÓN, DISTRIBUCIÓN, ETC.
Lugar de publicación, distribución, etc. Paris :
Nombre del editor, distribuidor, etc. Librairie Renouard, Henri Laurens,
Fecha de publicación, distribución, etc. [s.a.] (
Lugar de fabricación/manufactura Corbeil :
Fabricante Imprimerie Éd. Crété)
300 ## - DESCRIPCIÓN FÍSICA
Extensión 691 p., [1] h. de lám. :
Otras características físicas il. ;
Dimensiones 28 cm.
596 ## - NOTA AL PIE DE IMPRENTA
NOTA AL PIE DE IMPRENTA Fecha del prólogo, 1880.
650 #7 - PUNTO DE ACCESO ADICIONAL DE MATERIA--TÉRMINO DE MATERIA
Término de materia o nombre geográfico como elemento de entrada Estética
Fuente del encabezamiento o término embne
9 (RLIN) 142387
852 ## - LOCALIZACIÓN
Ubicación ES-MaACL
Número de control de estantería G-12906
Nota libre -- Enc. pasta española
Holdings
Estatus retirado Estado de pérdida Estado de daño No para préstamo Biblioteca de origen Biblioteca actual Ubicación en estantería Fecha de adquisición Fuente de adquisición Total de préstamos Signatura topográfica completa Código de barras Visto por última vez Precio de reemplazo Tipo de ítem Koha
        Biblioteca del Ateneo de Madrid Biblioteca del Ateneo de Madrid Sala Pecera Planta 3 17/01/2008     G-12906 1158863 23/02/2023 23/02/2023 Libro impreso